| 000 | 00402nam a2200157 a 4500 | ||
|---|---|---|---|
| 001 | 411 | ||
| 003 | CDMR | ||
| 005 | 20130703125803.0 | ||
| 008 | 130130s1988||||||||||||||||||||||||||||d | ||
| 040 |
_aCDMR _bcat _cCPC GIRONA |
||
| 100 | 1 |
_aRibó, Rafael _9290 |
|
| 245 | 1 | 0 |
_aCatalunya, nació d'esquerra _cRibó, Rafael |
| 260 |
_c1988 _bPolítiques; Edicions 62 |
||
| 490 | 0 |
_aPolítiques _v3 |
|
| 942 |
_cMON _2udc |
||
| 999 |
_c411 _d411 |
||